Gra(ł) w rakowie czy nie - Statystyki

Ogólne statystyki
  • Ten quiz został rozwiązany 67 razy
  • Średni wynik to 6 z 7
Answers on the Grid
Answers color-coded by a green-red scale on the quiz's grid according to % correct below.
Ivi lopez
Dracal
Pazdan
Messi
Wiffer
Ueda
Cyż
Milik
Amogus
Braut brunes
Kovaczevic
Bergren
Nicolas jackson
Heung min son
Depay
Arnautovic
Haaland
Petrasek
 
Statystyki odpowiedzi
Odpowiedź % Poprawnych
Ivi lopez
100%
Kovaczevic
96%
Bergren
89%
Dracal
89%
Cyż
85%
Petrasek
85%
Braut brunes
83%
Nie znaleziono quizów pasujących do podanych kryteriów
Rozkład punktacji
Procent ludzi z każdym wynikiem
Percentyl według liczby udzielonych odpowiedzi
Twoja historia wyników
Nie rozwiązałeś tego quizu